• 首页
  • 本馆介绍
  • 公告通知
  • 最新文献
  • 馆藏检索
  • 电子资源
  • 读者导购
  • 参考咨询
  • 我的图书馆
  • 登录
  • 详细信息显示
  • 放入我的书架
  • 预约/预借图书
  • 作者相关作品
  • 分类相关作品
  • 丛书相关作品
  • 出版社相关作品

书目信息

  • 表格格式
  • 工作单格式
  • 卡片格式
题名:
全球通史从史前史到21世纪
    
 
作者: 斯塔夫里阿诺斯 , Stravrianos 著 ;吴象婴 译
分册: 下  
出版信息: 北京   北京大学出版社  2006
页数: 844页
开本: 26cm
丛书名: 培文书系
单 册:
中图分类: K10
科图分类:
主题词: 世界史--通史 , 世界史 , 通史
电子资源:
ISBN: 7-301-11052-9
000 01553oam2 2200337 450
001 012007084796
005 20070626112044.56
010    @a7-301-11052-9@dCNY54.00
100    @a20070515d2006 km y0chiy0120 ea
101 1  @achi@ceng
102    @aCN@b110000
105    @aa z 000yy
106    @ar
200 1  @a全球通史从史前史到21世纪@Aquan qiu tong shi cong shi qian shi dao 21 shi ji@h下@f(美)斯塔夫里阿诺斯著@F(mei)si ta fu li a nuo si zhu@g吴象婴等译@Gwu xiang ying deng yi
205    @a修订版
210    @a北京@c北京大学出版社@d2006
215    @a844页@c图@d26cm
225 2  @a培文书系@i人文科学系列
304    @a责任者还有:梁赤民、董书慧、王昶译
305    @a据原书第7版译出
330    @a本书初版问世以来,赞誉如潮,被译成多种语言流传于世,可谓经典之中的经典。后经作者多次修订增补,现已更新至第7版,在保留原文精华的基础上,又融入了时新的研究成果,使这部名著在内容和体系上更加完善。 尤其值得一提的是,作者文笔隽永、笔力深厚、才思横溢,整部著作前后一贯。 这里呈现原汁原味的英文版以飨广大读者,让您在颇具历史韵律的行文中思接千载,视通万里。 近年来,在作全球观点或包含全于内容重新进行世界史写的尝试中,最具有推动作用的那些著作恰恰是由历史学家个人独立完成的,其中以斯塔夫里阿诺斯的《全球通史》最为著名。
461  0 @12001 @a培文书系
606 0  @a世界史@x通史
606 0  @a世界史
606 0  @a通史
690    @aK10@v4
701  1 @c(美)@a斯塔夫里阿诺斯@Asi ta fu li a nuo si@bL.S@4著
701  1 @c(美)@aStravrianos@bL.S@4著
702  0 @a吴象婴@Awu xiang ying@4译
801  0 @aCN@bRULIN@c20070626
905    @dK10@e158:2=2@s8
    
    全球通史从史前史到21世纪.下/(美)斯塔夫里阿诺斯著/吴象婴等译.-修订版.-北京:北京大学出版社,2006
    844页:图;26cm.-(培文书系.人文科学系列)
    
    
    ISBN 7-301-11052-9:CNY54.00
    本书初版问世以来,赞誉如潮,被译成多种语言流传于世,可谓经典之中的经典。后经作者多次修订增补,现已更新至第7版,在保留原文精华的基础上,又融入了时新的研究成果,使这部名著在内容和体系上更加完善。 尤其值得一提的是,作者文笔隽永、笔力深厚、才思横溢,整部著作前后一贯。 这里呈现原汁原味的英文版以飨广大读者,让您在颇具历史韵律的行文中思接千载,视通万里。 近年来,在作全球观点或包含全于内容重新进行世界史写的尝试中,最具有推动作用的那些著作恰恰是由历史学家个人独立完成的,其中以斯塔夫里阿诺斯的《全球通史》最为著名。
●
相关链接 在E读中查询图书 在五车中查询图书 在当当中查询图书 在豆瓣中查询图书


正题名:全球通史从史前史到21世纪     索取号:K10/158:2=2         预约/预借

序号 登录号 条形码 馆藏地/架位号 状态 备注
1 0579949   205799493   第二样本阅览室/ [索取号:K10/158:2=2] 在馆    
2 0579950   205799509   第二借阅区/ [索取号:K10/158:2=2] 在馆    
3 0579951   205799518   第二借阅区/ [索取号:K10/158:2=2] 在馆    
4 0579952   205799527   第二借阅区/ [索取号:K10/158:2=2] 在馆    
5 0579953   205799536   第二借阅区/ [索取号:K10/158:2=2] 在馆    
6 0579954   205799545   第二借阅区/ [索取号:K10/158:2=2] 已借出,限还日期为2026.06.09
借出人:戈兆熠  
 
7 0579955   205799554   第二借阅区/ [索取号:K10/158:2=2] 在馆    
8 0579956   205799563   第二借阅区/ [索取号:K10/158:2=2] 在馆    
唐山师范学院图书馆 欢迎您!
大连网信软件有限公司© 版权所有